Demasiado Tarde - Micro TDH, Lenny Tavárez - Estadísticas

Estadísticas generales
  • Esta prueba ha sido intentada 30 veces
  • La puntuación promedio es 190 de 411
Estadísticas de respuestas
Letra % Correcto
A
100%
a
100%
de
100%
es
100%
Es
100%
no
100%
No
100%
100%
se
100%
bebé
67%
con
67%
da
67%
daño
67%
demasiado
67%
Dime
67%
dime
67%
el
67%
hacer
67%
hecho
67%
hemo
67%
hemos
67%
Hoy
67%
lo
67%
Lo
67%
67%
mi
67%
nos
67%
o
67%
pa
67%
Pa
67%
Para
67%
pesar
67%
por
67%
que
67%
qué
67%
Que
67%
Si
67%
si
67%
tarde
67%
Tarde
67%
te
67%
Te
67%
tengo
67%
todo
67%
Todo
67%
y
67%
Y
67%
ya
67%
ah
33%
alma
33%
Aún
33%
baby
33%
besarte
33%
boca
33%
contraseña
33%
delata
33%
dentro
33%
desata
33%
deshecho
33%
desnuda
33%
duda
33%
Duda
33%
esa
33%
ey
33%
fuiste
33%
ganas
33%
la
33%
mañana
33%
me
33%
nada
33%
ni
33%
Ni
33%
Oh
33%
oh
33%
Pero
33%
quedar
33%
quien
33%
Quisiera
33%
recuperarte
33%
sabes
33%
seguimos
33%
soy
33%
teniéndonos
33%
33%
33%
va
33%
Yeah
33%
yeah
33%
yo
33%
Yo
33%
apuesto
0%
aquí
0%
arrancarte
0%
Arriesgarnos
0%
Así
0%
así
0%
believer
0%
bien
0%
Blah
0%
blah
0%
borró
0%
cien
0%
como
0%
condena
0%
conmigo
0%
conocí
0%
Conocí
0%
contigo
0%
creo
0%
cuando
0%
das
0%
deseo
0%
difícil
0%
digas
0%
doy
0%
eso
0%
está
0%
esta
0%
estando
0%
Hala
0%
hmm
0%
las
0%
Lenny
0%
luz
0%
Maldición
0%
mami
0%
Mami
0%
mata
0%
morir
0%
muda
0%
muera
0%
muero
0%
necesito
0%
negarte
0%
nena
0%
nuda
0%
olvidar
0%
olvidarte
0%
ouh
0%
pena
0%
perder
0%
perdí
0%
podemo
0%
Porque
0%
quieras
0%
Quiero
0%
Quise
0%
respiro
0%
sácame
0%
sale
0%
Selena
0%
ser
0%
Sh
0%
sh
0%
Shap
0%
shap
0%
sientes
0%
sigo
0%
solo
0%
suda
0%
Suda
0%
tattoo
0%
Tavárez
0%
temer
0%
tenemos
0%
Todavía
0%
Uah
0%
vale
0%
verme
0%
vivido
0%
voy
0%
vuelve
0%
Wah
0%
wah
0%
Wuh
0%
Yah
0%
yah
0%
No se encontraron pruebas coincidentes
Distribución de puntuación
Porcentaje de gente con cada puntuación
Porcentaje por número respondido
Historial de tus puntuaciones
No has intentado esta prueba.